000 00437nam a2200145Ia 4500
008 231129s1997||||xx |||||||||||||| ||spa||
020 _a958-9249-23-X
040 _bspa
082 _a929.2 G633
100 _aGomez Alvira Consuelo
245 0 _aPablo de Alvira Millarruelo Maria Gertrudis Duran y su descendencia en Colombia 1728-1997
260 _c1997
264 _aPapiro
942 _2ddc
_cBKS
999 _c22278
_d22278